Biblioteca

Fidel Castro, biografía a dos voces (Registro nro. 66010)

Detalles MARC
000 -LÍDER
Campo fijo de descripción fija 01805nam a2200325 i 4500
001 - NÚMERO DE CONTROL
Campo de control 768714001
003 - IDENTIFICADOR DEL NÚMERO DE CONTROL
Campo de control CO-MdFUSB
005 - FECHA Y HORA DE LA ULTIMA TRANSACCIÓN
control field 20210306112621.0
007 - CAMPO FIJO DE DESCRIPCIÓN FIJA--INFORMACIÓN GENERAL
Campo fijo de descripción fija ta
008 - ELEMENTOS DE LONGITUD FIJA -- INFORMACIÓN GENERAL
Campo fijo de descripción fija -- Información general 200602t2007 sp ab||| |||| 00| 0 spa d
020 ## - NÚMERO INTERNACIONAL NORMALIZADO PARA LIBROS
Número Internacional Normalizado del libro 9789871117420
040 ## - FUENTE DE CATALOGACIÓN
Agencia de catalogación original CO-MdFUSB
Idioma de catalogación spa
Agencia que realiza la transcripción CO-MdFUSB
Agencia que realiza la modificación CO-MdFUSBC
Convenciones de la descripción rda
041 ## - CÓDIGO DE IDIOMA
Código de idioma para texto/pista de sonido o título separado spa
082 ## - NÚMERO DE CLASIFICACIÓN DECIMAL DEWEY
Número de la edición del Dewey 23
Número de clasificación 972.91064
Clave de autor-Numero de item R175
100 ## - ASIENTO PRINCIPAL--NOMBRE PERSONAL
Nombre personal Ramonet, Ignacio,
Término relacionador autor
245 ## - TÍTULO
Título del Material Fidel Castro, biografía a dos voces
Mención de responsabilidad, etc. / Ignacio Ramonet ; Fidel Castro
264 ## - PRODUCCIÓN, PUBLICACIÓN, DISTRIBUCIÓN, MANUFACTURA, Y COPYRIGHT
Lugar de producción, publicación, distribución, manufactura Madrid :
Nombre del productor, publicador, distribuidor Debate,
Fecha de producción, publicación, distribución, manufactura, o copyright [2007]
264 ## - PRODUCCIÓN, PUBLICACIÓN, DISTRIBUCIÓN, MANUFACTURA, Y COPYRIGHT
Fecha de producción, publicación, distribución, manufactura, o copyright © 2007
300 ## - DESCRIPCIÓN FÍSICA
Extensión 654 páginas
Otros detalles físicos ilustraciones, mapas
Dimensiones ; 24 cm
336 ## - TIPO DE CONTENIDO
Fuente rdacontent
Término de tipo de contenido texto
Código de tipo de contenido txt
337 ## - TIPO DE MEDIO
Fuente rdamedia
Nombre del tipo de medio sin mediación
Código del tipo de medio n
338 ## - TIPO DE SOPORTE
Fuente rdacarrier
Nombre del tipo de soporte volumen
Código Tipo de soporte nc
505 ## - NOTA DE CONTENIDO
Nota de contenido con formato preestablecido Cien horas con Fidel 11 -- Antecedentes de la Revolución 2 --La infancia de un líder -- La forja de un rebelde -- Entrando en política. -- El asalto al cuartel Moncada -- "La Historia me absolverá" -- Che Guevara -- En la Sierra Maestra 169 -- Lecciones de una guerrilla --Revolución: primeros pasos, primeros problemas -- Empiezan las conspiraciones -- Playa Girón --La crisis de octubre de 1962 -- La muerte de Che Guevara -- Cuba y Africa -- Las crisis migratorias con Estados Unidos -- El derrumbe de la Union Sovietica -- El caso Ochoa y la pena de muerte -- Cuba y la globalización neoliberal -- La visita del presidente James Carter 369 -- Arresto de disidentes en marzo de 2003. -- Los secuestros de abril de 2003 -- Cuba y España --América Latina -- Cuba hoy -- Después de Fidel, que? -- Fechas clave en la vida de Fidel Castro y de la Revolución cubana.
563 ## - NOTA DE ENCUADERNACIÓN
Nota de encuadernación Rústico
600 #0 - ASIENTO SECUNDARIO DE MATERIA - NOMBRE PERSONAL
Nombre personal Castro, Fidel,
653 ## - TÉRMINO DE INDIZACIÓN - NO CONTROLADO
Término no controlado Entrevistas
700 ## - ASIENTO SECUNDARIO - NOMBRE PERSONAL
9 (RLIN) 4137
Nombre personal Castro, Fidel,
Responsabilidad autor
942 ## - TIPO DE MATERIAL (KOHA)
Tipo de Item KOHA Libros General
945 ## - INFORMACIÓN LOCAL DEL REGISTRO
Catalogador JTF-925
Existencias
Estado de Material Estado de Perdido Forma de Clasificación Estado de Dañado No para Préstamo Colección Biblioteca de Origen Biblioteca Permanente Fecha de Adquisición Forma de Adquisición Área Total de Préstamos Signatura Topográfica Código de Barras Última vez visto Ejemplar/Existencia Fecha de Remplazo Tipo de Material
    Dewey Decimal Classification     Colección General Biblioteca FUSBC Biblioteca FUSBC 02/06/2020 Donación Atiencia BIOGRAFIA   G 972.91064 R175f 1126 02/06/2020 Ej.1 02/06/2020 Libros General

Biblioteca FUSBC | Teléfono: (57+4) 349 88 10 Ext. 141| WhatsApp (+57) 3005338115 
E-mail: biblioteca@unisbc.edu.co | Calle 76 87-14 Robledo Palenque, Medellín, Colombia

Con tecnología Koha